000 01018cam a2200229 4500
001 WB3601-32
008 000000n1999 000 0 eng u
035 _a(Sirsi) u103435
245 _aUnfair terms in housing contracts
260 _c1999
490 _aEstate Agency News
_v(152) December 1999/January 2000, 16(1)
520 _aGives examples of what might constitute an unfair term in a housing contract under the Unfair Terms in Consumer Contracts Regulations 1999. It is possible to get a contract checked by the Unfair Contract Terms Unit, Office of Fair Trading, Rm 505, Field House, 15-25 Bream's Buildings, London, EC4A 10 PR.
590 _aWB
650 _aUNFAIR TERMS
650 _aContracts
_96232
650 _aUNFAIR TERMS IN CONSUMER CONTRACTS REGULATIONS 1999
650 _aUNFAIR TERMS IN CONSUMER CONTRACTS
650 _aRESIDENTIAL LEASES
650 _aTENANCY AGREEMENTS
690 _aPROPERTY-RESIDENTIAL PROPERTY-RESIDENTIAL LANDLORD AND TENANT-RESIDENTIAL TENANCIES
942 _n0
999 _c62149
_d62149